| 000 | 00800nam a2200157Ia 4500 | ||
|---|---|---|---|
| 001 | 13211 | ||
| 008 | 250715b |||||||| |||| 00| 0 spa d | ||
| 020 | _a84-493-1483-6 | ||
| 041 | _aspa \ eng | ||
| 100 | _aZolla, Elemire, [(1926-2002)] | ||
| 240 | _aLe meraviglie della natura | ||
| 245 |
_aUna introducción a la alquimia : _blas maravillas de la naturaleza / _cpor Elémire Zolla; José María Pinto trad. |
||
| 260 |
_aBarcelona : _bPaidós Iberica; Marsilio Italia, 2003 |
||
| 500 | _aReferencias Bibliográficas de los fragmentos citados : Cancionero, Madrid Alianza, 1995, trad. de Ángel Crespo ; La Divina Comedia, Barcelona Planeta, 1990, trad. de Ángel Crespo ; Las Flores del Mla, Madrid, Alianza, 1997, trad. de Antonio Martínez Sarrión | ||
| 700 | _aI.Pinto, José Maria trad. | ||
| 999 |
_c232982 _d232982 |
||